000 00323nam a2200133Ia 4500
003 OSt
008 191201s2012 xx 000 0 und d
100 _aDARVAS, Nicolas
245 0 _aHow I made $2 Million in the Stock Market
260 _aN. Delhi
_bVision Books
_c2012
300 _a208
650 _aNCFM
942 _2ddc
_cBK
999 _c6672
_d6672